Statistics for Words with a Silent W

Click here to take the quiz!

General Stats

  • This quiz has been taken 34,998 times
  • The average score is 14 of 20

Answer Stats

Definition Word % Correct
IncorrectWrong
98%
Where the hand meets the armWrist
94%
Skin crease caused by ageWrinkle
93%
EntireWhole
92%
One of the things a literate person can doWrite
88%
Long bladed weaponSword
87%
To finish shooting a movie sceneWrap
81%
Deadly sin of angerWrath
79%
Circular garland, a popular Christmas decorationWreath
76%
To twist and squeeze the liquid out ofWring
75%
One who authors a stage productionPlaywright
75%
Homophone of to and tooTwo
71%
To squirm like a wormWriggle
66%
To grappleWrestle
62%
The British call it a spannerWrench
58%
Solution to a problemAnswer
56%
To contort one's body, usually due to painWrithe
54%
Dryly humorous; SardonicWry
48%
To herd livestockWrangle
45%
An unfortunate, piteous personWretch
34%

Score Distribution

Percentile by Number Answered

Percent of People with Each Score

Your Score History

You have not taken this quiz